Choose One! Company Headquarters Quiz Stats

Quiz Updated Feb 1, 2018

Challenge
Share
Tweet
Embed
Score 0/20 Timer 08:00
2 Plays Today
Company HQ State % Correct
General Motors???
92.3%
Starbucks???
89.2%
Coors???
89.1%
MTV???
85.7%
Anheuser-Busch???
84.5%
Walmart???
83.9%
Coca-Cola???
83.7%
Nike???
77.3%
McDonald's???
72.9%
Target???
69.5%
Company HQ State % Correct
Bank of America???
66.8%
Procter & Gamble???
63.4%
FedEx???
59%
Nabisco???
52.9%
Berkshire Hathaway???
52.4%
Burger King???
51.3%
DuPont???
50.4%
T.G.I. Friday's???
48.2%
Yum! Brands???
47.2%
Wells-Fargo???
46.6%

You're not logged in!

Compare scores with friends on all Sporcle quizzes.
Sign Up with Email
OR
Log In

You Might Also Like...

Show Comments

Extras

Top Quizzes Today


Score Distribution

Your Account Isn't Verified!

In order to create a playlist on Sporcle, you need to verify the email address you used during registration. Go to your Sporcle Settings to finish the process.